8 mots dans mots : sir (mort subite) - Statistiques

Statistiques générales
  • Ce quiz a été pris 34 fois
  • Le résultat moyen est 7 sur 8
Answers on the Grid
Answers color-coded by a green-red scale on the quiz's grid according to % correct below.
Accesso---ser
Dessai---
Bure---ratiser
Conservat---ement
Dégros---
Compt---liser
Moi---
Créd---liser
Réus---
Mes---e
Anti---otoninergique
Dé---euse
Conc---ualiser
Déplai---
Ba---ge -réservoir
Indé---able
 
Statistiques - réponses
Réponse % Correct
Dessai---
93%
Réus---
93%
Dégros---
90%
Moi---
90%
Indé---able
87%
Mes---e
83%
Dé---euse
80%
Déplai---
77%
Aucun quiz correspondant
Distribution des résultats
% des personnes avec chaque résultat
Percentile par nombre de réponses
Votre historique - résultats
Vous n’avez pas pris ce quiz